[Event "2. Bundesliga West 2009/20010"]
[Site "Bregenz"]
[Date "2009.10.23"]
[Round "1"]
[Board "6"]
[White "Ferk, Martin"]
[Black "Froewis, Annika"]
[Result "1/2-1/2"]
[WhiteElo "1964"]
[BlackElo "1933"]
[PlyCount "65"]
[EventDate "2009.10.23"]
[EventType "team"]
[EventRounds "11"]
[EventCountry "AUT"]
[WhiteTeam "Goetzis"]
[BlackTeam "Bregenz"]

1.d4 d5 2.c4 e6 3.Nc3 Nf6 4.Bg5 c6 5.e3 Nbd7 6.Bd3 Bd6 7.Qc2 dxc4 8.Bxc4 e5
9.Nf3 exd4 10.Nxd4 Ne5 11.Be2 h6 12.Bh4 O-O 13.O-O Ng6 14.Bxf6 Qxf6 15.Ne4 Qe7
16.Nxd6 Qxd6 17.Rfd1 Qf6 18.Rac1 Be6 19.Nxe6 Qxe6 20.Qc4 Qe7 21.Rd4 Rad8 22.Rcd1
Rfe8 23.Qc3 Rxd4 24.Qxd4 Qe5 25.Qxe5 Rxe5 26.Rd8+ Nf8 27.Bd3 g6 28.Kf1 Kg7
29.Bc4 Rc5 30.Rd4 Re5 31.Rd8 Rc5 32.Rd4 Re5 33.Rd8

[Event "2. Bundesliga West 2009/20010"]
[Site "Braunau"]
[Date "2009.10.23"]
[Round "1"]
[Board "1"]
[White "Prusikin, Michael"]
[Black "Juergens, Klaus"]
[Result "1-0"]
[WhiteElo "2534"]
[BlackElo "2162"]
[PlyCount "49"]
[EventDate "2009.10.23"]
[EventType "team"]
[EventRounds "11"]
[EventCountry "AUT"]
[WhiteTeam "Wuestenrot Sbg SIR"]
[BlackTeam "ASK Salzburg"]

1.d4 Nf6 2.Nf3 g6 3.c4 c5 4.d5 e6 5.Nc3 exd5 6.Nxd5 Nxd5 7.Qxd5 d6 8.Bg5 f6
9.Bd2 Qe7 10.g3 Nd7 11.Bc3 Ne5 12.Nxe5 dxe5 13.Bg2 Rb8 14.Qd1 a6 15.Bd5 Bh3
16.Qa4+ Qd7 17.Qa5 Bd6 18.Qb6 Ke7 19.O-O-O Qc7 20.Ba5 Rhc8 21.Rd2 Be6 22.Rhd1
Bxd5 23.Rxd5 Qxb6 24.Bxb6 Rd8 25.Rxd6

[Event "2. Bundesliga West 2009/20010"]
[Site "Braunau"]
[Date "2009.10.23"]
[Round "1"]
[Board "2"]
[White "Loeffler, Christoph"]
[Black "Bromberger, Stefan"]
[Result "0-1"]
[WhiteElo "2163"]
[BlackElo "2510"]
[PlyCount "136"]
[EventDate "2009.10.23"]
[EventType "team"]
[EventRounds "11"]
[EventCountry "AUT"]
[WhiteTeam "ASK Salzburg"]
[BlackTeam "Wuestenrot Sbg SIR"]

1.e4 e5 2.Nf3 Nc6 3.d4 exd4 4.Nxd4 Bc5 5.Nb3 Bb6 6.a4 a6 7.Nc3 Nf6 8.Bg5 h6
9.Bh4 d6 10.f3 Be6 11.Nd5 Bxd5 12.exd5 Ne5 13.Qd2 O-O 14.O-O-O Re8 15.Kb1 Ng6
16.Bxf6 Qxf6 17.Bd3 Be3 18.Qc3 Qxc3 19.bxc3 Nf4 20.Bf1 Bb6 21.g3 Ne2 22.Kb2 Re3
23.Bxe2 Rxe2 24.Rd2 Rxd2 25.Nxd2 Re8 26.Nc4 Bc5 27.Kb3 Re2 28.Nb2 f5 29.Nd3 Bb6
30.g4 fxg4 31.fxg4 Rg2 32.h3 Rg3 33.Nf4 Rf3 34.Nd3 Kh7 35.h4 Rg3 36.g5 hxg5
37.hxg5+ Kg8 38.Nf4 Rxg5 39.c4 Rg3+ 40.c3 Ba5 41.Ne2 Re3 42.Rh2 g5 43.Kc2 Kg7
44.Kd2 Re4 45.Kd3 Rh4 46.Rg2 Kg6 47.Rg3 Bb6 48.Rf3 Rh8 49.Rg3 Rf8 50.Ke4 Bf2
51.Rg2 Kh5 52.Rh2+ Bh4 53.Nd4 Rf4+ 54.Ke3 Kg4 55.Rb2 b6 56.a5 bxa5 57.Rb7 Rf7
58.Ne6 Be1 59.c5 dxc5 60.Rxc7 Rxc7 61.Nxc7 Bxc3 62.Nxa6 a4 63.Kd3 Be5 64.Kc4 a3
65.Kb3 c4+ 66.Kxa3 Bb2+ 67.Kxb2 Kf5 68.Kc3 g4

[Event "2. Bundesliga West 2009/20010"]
[Site "Braunau"]
[Date "2009.10.23"]
[Round "1"]
[Board "3"]
[White "Pitl, Gregory"]
[Black "Navratil, Robert"]
[Result "1-0"]
[WhiteElo "2405"]
[BlackElo "2112"]
[PlyCount "39"]
[EventDate "2009.10.23"]
[EventType "team"]
[EventRounds "11"]
[EventCountry "AUT"]
[WhiteTeam "Wuestenrot Sbg SIR"]
[BlackTeam "ASK Salzburg"]

1.e4 Nc6 2.d4 d5 3.Nc3 e6 4.Nf3 Nf6 5.e5 Ne4 6.Bd3 f5 7.Ne2 Be7 8.h4 h6 9.Nf4
O-O 10.c3 Qe8 11.c4 Bb4+ 12.Kf1 Qf7 13.c5 g5 14.hxg5 hxg5 15.Bxe4 fxe4 16.Nxg5
Qg7 17.Nh5 Qg6 18.Nf6+ Rxf6 19.exf6 Qxf6 20.Qh5

[Event "2. Bundesliga West 2009/20010"]
[Site "Braunau"]
[Date "2009.10.23"]
[Round "1"]
[Board "4"]
[White "Scheiblmaier, Robert"]
[Black "Pflug, Mathias"]
[Result "0-1"]
[WhiteElo "2095"]
[BlackElo "2270"]
[PlyCount "90"]
[EventDate "2009.10.23"]
[EventType "team"]
[EventRounds "11"]
[EventCountry "AUT"]
[WhiteTeam "ASK Salzburg"]
[BlackTeam "Wuestenrot Sbg SIR"]

1.d4 f5 2.g3 Nf6 3.Bg2 g6 4.Nf3 Bg7 5.O-O O-O 6.c4 d6 7.Qb3 Nc6 8.Rd1 Ne4 9.Nc3
Nxc3 10.Qxc3 Qe8 11.c5 e5 12.Qb3+ Kh8 13.d5 Nd8 14.cxd6 cxd6 15.Qa3 Nf7 16.Ng5
Nxg5 17.Bxg5 f4 18.gxf4 h6 19.Bh4 exf4 20.f3 Qxe2 21.Qxd6 g5 22.Bf2 Qxb2 23.Rac1
Qf6 24.Qxf6 Bxf6 25.Rc7 Rd8 26.Bd4 Bxd4+ 27.Rxd4 Be6 28.d6 Rd7 29.Bf1 Rad8
30.Rxd7 Bxd7 31.h4 Kg7 32.hxg5 hxg5 33.a4 Kf6 34.a5 Bc6 35.Kf2 Ke5 36.Rb4 Rxd6
37.a6 bxa6 38.Bxa6 Bxf3 39.Kxf3 Rxa6 40.Rb5+ Kf6 41.Kg4 Ra1 42.Rf5+ Ke6 43.Rf8
Rg1+ 44.Kf3 Rg3+ 45.Kf2 Ra3

[Event "2. Bundesliga West 2009/20010"]
[Site "Braunau"]
[Date "2009.10.23"]
[Round "1"]
[Board "5"]
[White "Huch, Reiner"]
[Black "Leeb, Hans-Peter"]
[Result "1-0"]
[WhiteElo "2287"]
[BlackElo "2153"]
[PlyCount "39"]
[EventDate "2009.10.23"]
[EventType "team"]
[EventRounds "11"]
[EventCountry "AUT"]
[WhiteTeam "Wuestenrot Sbg SIR"]
[BlackTeam "ASK Salzburg"]

1.Nf3 Nf6 2.c4 c5 3.e3 d6 4.Nc3 g6 5.d4 Nbd7 6.Be2 Bg7 7.O-O O-O 8.b3 a6 9.Bb2
Rb8 10.Qc2 Qa5 11.a4 Rd8 12.Rfd1 Nf8 13.h3 cxd4 14.exd4 Qh5 15.d5 Bf5 16.Qd2 Bh6
17.Qe1 N8d7 18.Rd4 Bg4 19.Ng5 Qxg5 20.Rc1

[Event "2. Bundesliga West 2009/20010"]
[Site "Braunau"]
[Date "2009.10.23"]
[Round "1"]
[Board "6"]
[White "Herndl, Gerald"]
[Black "Riemelmoser, Franz"]
[Result "1-0"]
[WhiteElo "2176"]
[BlackElo "2291"]
[PlyCount "81"]
[EventDate "2009.10.23"]
[EventType "team"]
[EventRounds "11"]
[EventCountry "AUT"]
[WhiteTeam "ASK Salzburg"]
[BlackTeam "Wuestenrot Sbg SIR"]

1.e4 e6 2.d3 d5 3.Nd2 Nf6 4.g3 Bc5 5.e5 Nfd7 6.Ngf3 Bb6 7.d4 c5 8.dxc5 Nxc5
9.Nb3 Ne4 10.Nbd4 f6 11.Bb5+ Bd7 12.Bxd7+ Qxd7 13.O-O Nc6 14.Nxc6 bxc6 15.Bf4
O-O-O 16.h4 Rhg8 17.Qd3 g5 18.hxg5 fxg5 19.Be3 Kb7 20.a4 Rdf8 21.a5 Bxe3 22.Qxe3
g4 23.Nd2 Nxd2 24.Qxd2 c5 25.b4 c4 26.b5 d4 27.Qb4 Qd5 28.Qe7+ Ka8 29.b6 Qb7
30.Qxe6 Rg6 31.Qxc4 Rh6 32.f3 gxf3 33.Rf2 Rc8 34.Qxd4 Rg8 35.Qf4 Rh3 36.Rxf3 Qd5
37.b7+ Kxb7 38.Rb1+ Kc7 39.e6+ Kd8 40.Qf6+ Kc7 41.Qf7+

[Event "2. Bundesliga West 2009/20010"]
[Site "Braunau"]
[Date "2009.10.23"]
[Round "1"]
[Board "1"]
[White "Krstic, Uros"]
[Black "Medvegy, Zoltan"]
[Result "1/2-1/2"]
[WhiteElo "2377"]
[BlackElo "2547"]
[PlyCount "60"]
[EventDate "2009.10.23"]
[EventType "team"]
[EventRounds "11"]
[EventCountry "AUT"]
[WhiteTeam "Sparkasse Schwarzach"]
[BlackTeam "ATSV Ranshofen"]

1.e4 c6 2.d3 d5 3.Nd2 e5 4.Ngf3 Bd6 5.g3 Nf6 6.Bg2 Bg4 7.h3 Bh5 8.O-O O-O 9.Qe1
Re8 10.Nh4 Nbd7 11.Nf5 Bf8 12.a4 a5 13.Nb3 Nc5 14.Nxc5 Bxc5 15.Bg5 h6 16.Bh4 Bg6
17.Ne3 dxe4 18.dxe4 Be7 19.Bxf6 Bxf6 20.Ng4 Bg5 21.h4 Bd2 22.Qe2 Bb4 23.Rad1 Qc7
24.h5 Bh7 25.Rd3 Rad8 26.Rfd1 Be7 27.Qe1 Kh8 28.Ne3 Bb4 29.Qe2 g6 30.Bh3 Rxd3

[Event "2. Bundesliga West 2009/20010"]
[Site "Braunau"]
[Date "2009.10.23"]
[Round "1"]
[Board "2"]
[White "Konnyu, Janos"]
[Black "Danner, Georg"]
[Result "0-1"]
[WhiteElo "2401"]
[BlackElo "2450"]
[PlyCount "92"]
[EventDate "2009.10.23"]
[EventType "team"]
[EventRounds "11"]
[EventCountry "AUT"]
[WhiteTeam "ATSV Ranshofen"]
[BlackTeam "Sparkasse Schwarzach"]

1.e4 c5 2.Nf3 Nc6 3.d4 cxd4 4.Nxd4 Nf6 5.Nc3 d6 6.Bg5 e6 7.Qd2 Be7 8.O-O-O Nxd4
9.Qxd4 O-O 10.Bc4 Qa5 11.Bd2 Qd8 12.g4 Nxg4 13.Rhg1 Bf6 14.e5 Nxe5 15.Ne4 Ng6
16.Nxf6+ Qxf6 17.Qxf6 gxf6 18.Bh6 d5 19.Be2 Rd8 20.h4 e5 21.h5 Bf5 22.Bg4 Bxg4
23.Rxg4 Rac8 24.f4 Rc4 25.Rdg1 exf4 26.b3 Re4 27.Rxf4 Rxf4 28.Bxf4 Re8 29.hxg6
fxg6 30.Rd1 g5 31.Bc7 Kf7 32.Rxd5 h5 33.Kd2 h4 34.c4 Kg6 35.Rd4 f5 36.Rd6+ Kh5
37.Rd7 Kg4 38.Bd6 b6 39.b4 h3 40.c5 bxc5 41.bxc5 f4 42.Rxa7 Rh8 43.Be5 Rh6 44.c6
Rxc6 45.Rh7 Ra6 46.Ke1 Re6

[Event "2. Bundesliga West 2009/20010"]
[Site "Braunau"]
[Date "2009.10.23"]
[Round "1"]
[Board "3"]
[White "Hecht, Hans-Joachim"]
[Black "Webersberger, Johann"]
[Result "1/2-1/2"]
[WhiteElo "2381"]
[BlackElo "2367"]
[PlyCount "60"]
[EventDate "2009.10.23"]
[EventType "team"]
[EventRounds "11"]
[EventCountry "AUT"]
[WhiteTeam "Sparkasse Schwarzach"]
[BlackTeam "ATSV Ranshofen"]

1.d4 g6 2.c4 Bg7 3.Nc3 c5 4.d5 Bxc3+ 5.bxc3 f5 6.g3 Nf6 7.Bg2 Qa5 8.Qb3 d6 9.Nh3
Nbd7 10.Nf4 Nb6 11.Ne6 Kf7 12.O-O Qa4 13.e4 fxe4 14.Ng5+ Kg7 15.Qxa4 Nxa4 16.Re1
Re8 17.Nxe4 Nxe4 18.Rxe4 Bf5 19.Re3 Nb6 20.Bf1 e6 21.dxe6 Bxe6 22.a4 Bxc4 23.a5
Bxf1 24.axb6 Rxe3 25.Bxe3 Ba6 26.bxa7 Rxa7 27.Bf4 d5 28.Bd6 b6 29.Bb8 Ra8 30.Bc7
Bb7

[Event "2. Bundesliga West 2009/20010"]
[Site "Braunau"]
[Date "2009.10.23"]
[Round "1"]
[Board "4"]
[White "Menacher, Manfred"]
[Black "Brumen, Dinko"]
[Result "1/2-1/2"]
[WhiteElo "2274"]
[BlackElo "2342"]
[PlyCount "68"]
[EventDate "2009.10.23"]
[EventType "team"]
[EventRounds "11"]
[EventCountry "AUT"]
[WhiteTeam "ATSV Ranshofen"]
[BlackTeam "Sparkasse Schwarzach"]

1.Nf3 Nf6 2.c4 e6 3.g3 d5 4.d4 Be7 5.Bg2 O-O 6.O-O dxc4 7.Qc2 a6 8.Rd1 b5 9.Ne5
Nd5 10.b3 cxb3 11.axb3 Bb7 12.Bd2 Qc8 13.Rc1 Bd6 14.e4 Ne7 15.Nd3 Nec6 16.Bc3
Nd7 17.e5 Be7 18.Bb2 Nb4 19.Nxb4 Bxg2 20.Kxg2 Bxb4 21.Qxc7 a5 22.Ba3 f6 23.f4
Qe8 24.Bxb4 axb4 25.Nd2 Ra3 26.Kg1 g5 27.fxg5 fxg5 28.d5 Qf7 29.Ne4 Qf3 30.Nf6+
Nxf6 31.exf6 Qe3+ 32.Kg2 Qe2+ 33.Kh3 Qh5+ 34.Kg2 Qe2+

[Event "2. Bundesliga West 2009/20010"]
[Site "Braunau"]
[Date "2009.10.23"]
[Round "1"]
[Board "5"]
[White "Ljubic, Juro"]
[Black "Dovzik, Juri"]
[Result "1/2-1/2"]
[WhiteElo "2237"]
[BlackElo "2365"]
[PlyCount "60"]
[EventDate "2009.10.23"]
[EventType "team"]
[EventRounds "11"]
[EventCountry "AUT"]
[WhiteTeam "Sparkasse Schwarzach"]
[BlackTeam "ATSV Ranshofen"]

1.e4 c5 2.Ne2 Nc6 3.d4 cxd4 4.Nxd4 e6 5.g3 a6 6.Bg2 Qc7 7.O-O Nf6 8.c4 Nxd4
9.Qxd4 Bc5 10.Qd3 O-O 11.Nc3 Ng4 12.Qe2 Ne5 13.b3 d6 14.Be3 Bd7 15.Rac1 Rac8
16.Rfd1 Rfd8 17.Bxc5 dxc5 18.Qe3 b6 19.f4 Nc6 20.e5 Nd4 21.Ne2 Nxe2+ 22.Qxe2 Bc6
23.Bxc6 Qxc6 24.Qg2 Qxg2+ 25.Kxg2 f6 26.exf6 gxf6 27.Kf3 Kf7 28.Ke4 Ke7 29.a3 a5
30.Rb1 Rb8

[Event "2. Bundesliga West 2009/20010"]
[Site "Braunau"]
[Date "2009.10.23"]
[Round "1"]
[Board "6"]
[White "Zoister, Stefan"]
[Black "Huber, David"]
[Result "1-0"]
[WhiteElo "2224"]
[BlackElo "2163"]
[PlyCount "55"]
[EventDate "2009.10.23"]
[EventType "team"]
[EventRounds "11"]
[EventCountry "AUT"]
[WhiteTeam "ATSV Ranshofen"]
[BlackTeam "Sparkasse Schwarzach"]

1.e4 Nc6 2.d4 e5 3.dxe5 Nxe5 4.Nf3 Nxf3+ 5.Qxf3 Qf6 6.Qg3 Bc5 7.Nc3 Ne7 8.Bf4 d6
9.O-O-O Qg6 10.e5 Qxg3 11.Bxg3 dxe5 12.Bxe5 O-O 13.Bxc7 Bxf2 14.Bd6 Bh4 15.Be2
Re8 16.Bf3 Nc6 17.Nb5 Bg5+ 18.Kb1 Bd8 19.Bg3 Rf8 20.Rhe1 a6 21.Nd6 Be7 22.Bd5
Bg5 23.Rf1 Nd8 24.Nc4 Bf6 25.Nb6 Bg4 26.Nxa8 Bxd1 27.Rxd1 Be5 28.Nc7

[Event "2. Bundesliga West 2009/20010"]
[Site "Jenbach"]
[Date "2009.10.24"]
[Round "2"]
[Board "1"]
[White "Blaskowski, Johannes"]
[Black "Dizdar, Goran"]
[Result "1/2-1/2"]
[WhiteElo "2332"]
[BlackElo "2563"]
[PlyCount "62"]
[EventDate "2009.10.23"]
[EventType "team"]
[EventRounds "11"]
[EventCountry "AUT"]
[WhiteTeam "Hypo Kufstein"]
[BlackTeam "SC Absam"]

1.e4 e6 2.d4 d5 3.exd5 exd5 4.Qf3 Nf6 5.h3 c5 6.Bb5+ Nc6 7.Ne2 Qb6 8.Nbc3 cxd4
9.Nxd5 Nxd5 10.Qxd5 Bb4+ 11.c3 dxc3 12.O-O Be6 13.Bxc6+ Qxc6 14.Qxc6+ bxc6
15.Nxc3 O-O-O 16.Be3 Bxc3 17.bxc3 Rd7 18.Rfd1 Rhd8 19.Rd4 Rxd4 20.Bxd4 Kb7
21.Bxg7 Rg8 22.Rb1+ Ka8 23.Bd4 Bxh3 24.Kh2 Be6 25.Rb4 Bd5 26.f3 Rb8 27.Ra4 Rb2
28.Rxa7+ Kb8 29.Kg3 Bxa2 30.Re7 Kc8 31.Re5 Rb5

[Event "2. Bundesliga West 2009/20010"]
[Site "Jenbach"]
[Date "2009.10.24"]
[Round "2"]
[Board "2"]
[White "Rotstein, Arkadij"]
[Black "Neuschmied, Siegfried"]
[Result "1/2-1/2"]
[WhiteElo "2534"]
[BlackElo "2282"]
[PlyCount "100"]
[EventDate "2009.10.23"]
[EventType "team"]
[EventRounds "11"]
[EventCountry "AUT"]
[WhiteTeam "SC Absam"]
[BlackTeam "Hypo Kufstein"]

1.d4 Nf6 2.Nf3 d5 3.c4 c6 4.e3 Bg4 5.Qb3 Qb6 6.Nc3 Qxb3 7.axb3 Bxf3 8.gxf3 e6
9.c5 Nbd7 10.b4 Be7 11.b5 O-O 12.bxc6 bxc6 13.b4 Rfb8 14.b5 cxb5 15.Bxb5 a5
16.Bd2 Ra7 17.O-O Bd8 18.Rfb1 Kf8 19.e4 dxe4 20.fxe4 e5 21.Bxd7 Rxb1+ 22.Rxb1
exd4 23.Ba4 dxc3 24.Bxc3 Nxe4 25.Bd4 Bc7 26.Kg2 Ng5 27.c6 Ra8 28.Rb7 Ne6 29.Be3
Ke8 30.Kf3 Kd8 31.Ke4 Rb8 32.f4 Kc8 33.f5 Nd8 34.Rxb8+ Bxb8 35.h4 Bg3 36.h5 Kc7
37.Kd5 g6 38.fxg6 fxg6 39.h6 Nf7 40.Bd2 g5 41.Bxa5+ Kc8 42.Ke4 Bc7 43.Bc3 Nxh6
44.Bb3 Kd8 45.Bf6+ Ke8 46.Bxg5 Nf7 47.Bf4 Bxf4 48.Kxf4 Nd6 49.Ke5 Nc8 50.Be6 Kd8

[Event "2. Bundesliga West 2009/20010"]
[Site "Jenbach"]
[Date "2009.10.24"]
[Round "2"]
[Board "3"]
[White "Maurer, Jochen"]
[Black "Duer, Werner"]
[Result "1/2-1/2"]
[WhiteElo "2212"]
[BlackElo "2250"]
[PlyCount "65"]
[EventDate "2009.10.23"]
[EventType "team"]
[EventRounds "11"]
[EventCountry "AUT"]
[WhiteTeam "Hypo Kufstein"]
[BlackTeam "SC Absam"]

1.e4 c6 2.d4 d5 3.e5 Bf5 4.Nf3 e6 5.Be2 c5 6.Be3 Nd7 7.dxc5 Ne7 8.Nbd2 Nc6 9.Nb3
Ndxe5 10.Nxe5 Nxe5 11.Nd4 Be4 12.O-O a6 13.b3 Bg6 14.f4 Nc6 15.f5 Nxd4 16.Bxd4
Bxf5 17.Rxf5 exf5 18.Bf3 Rc8 19.Qe2+ Be7 20.Bxg7 Rg8 21.Bd4 Rc6 22.Qe5 Kf8
23.Qxf5 Bxc5 24.Bxc5+ Rxc5 25.Qxh7 Rc6 26.Rd1 Qb6+ 27.Kh1 Qf2 28.Qd3 Re6 29.h3
Re1+ 30.Rxe1 Qxe1+ 31.Kh2 Qg3+ 32.Kg1 Qe1+ 33.Kh2

[Event "2. Bundesliga West 2009/20010"]
[Site "Jenbach"]
[Date "2009.10.24"]
[Round "2"]
[Board "4"]
[White "Gerhold, Michael"]
[Black "Rusche, Johannes"]
[Result "1/2-1/2"]
[WhiteElo "2241"]
[BlackElo "2170"]
[PlyCount "119"]
[EventDate "2009.10.23"]
[EventType "team"]
[EventRounds "11"]
[EventCountry "AUT"]
[WhiteTeam "SC Absam"]
[BlackTeam "Hypo Kufstein"]

1.Nf3 c5 2.c4 g6 3.e4 Bg7 4.d4 cxd4 5.Nxd4 Nc6 6.Be3 d6 7.Nc3 Nf6 8.Be2 O-O
9.O-O Bd7 10.Qd2 Ng4 11.Bxg4 Bxg4 12.f3 Bd7 13.Rfd1 Ne5 14.b3 Re8 15.Rac1 Qa5
16.Ncb5 Qxd2 17.Rxd2 Rec8 18.a4 Nc6 19.Rcd1 Na5 20.Rb1 f5 21.exf5 gxf5 22.f4 Kf7
23.Ne2 b6 24.Ned4 Nb7 25.Ra2 e5 26.Ne2 h5 27.Rd2 Ke6 28.Rbd1 Bxb5 29.axb5 Rd8
30.Nc1 Nc5 31.Bxc5 bxc5 32.Nd3 Rdc8 33.Nb2 Rd8 34.Na4 Rac8 35.Rd5 Ke7 36.g3 Bf6
37.Re1 Ke6 38.fxe5 Bxe5 39.Nxc5+ Ke7 40.Nd3 Kf6 41.Nxe5 dxe5 42.Rexe5 Rxd5
43.Rxd5 Ke6 44.Kf2 h4 45.gxh4 Rh8 46.Kg3 Rg8+ 47.Kh3 Rg1 48.b6 axb6 49.Rb5 f4
50.Rxb6+ Ke5 51.Rb8 f3 52.Rf8 Ke4 53.h5 Ke3 54.h6 Rg6 55.h7 Rh6+ 56.Kg4 f2
57.Kg3 Rg6+ 58.Kh4 Rh6+ 59.Kg3 Rg6+ 60.Kh4

[Event "2. Bundesliga West 2009/20010"]
[Site "Jenbach"]
[Date "2009.10.24"]
[Round "2"]
[Board "5"]
[White "Berchtenbreiter, Maximilian"]
[Black "Embacher, Gregor"]
[Result "1-0"]
[WhiteElo "2143"]
[BlackElo "2149"]
[PlyCount "61"]
[EventDate "2009.10.23"]
[EventType "team"]
[EventRounds "11"]
[EventCountry "AUT"]
[WhiteTeam "Hypo Kufstein"]
[BlackTeam "SC Absam"]

1.e4 Nf6 2.e5 Nd5 3.d4 d6 4.c4 Nb6 5.exd6 cxd6 6.Nc3 g6 7.h3 Bg7 8.Nf3 O-O 9.Be2
e5 10.O-O Be6 11.d5 Bf5 12.Be3 Na6 13.Rc1 h6 14.a3 Bd7 15.b4 f5 16.c5 f4 17.Bxa6
bxa6 18.Bd2 Nc4 19.Qe2 Bb5 20.Nxb5 axb5 21.a4 a6 22.c6 Qe7 23.Qe4 Qf7 24.axb5
axb5 25.Rxc4 bxc4 26.b5 Rfb8 27.Rb1 Qf5 28.Qxf5 gxf5 29.b6 e4 30.b7 Kh7
31.bxa8=Q

[Event "2. Bundesliga West 2009/20010"]
[Site "Jenbach"]
[Date "2009.10.24"]
[Round "2"]
[Board "6"]
[White "Natter, Siegfried"]
[Black "Kranewitter, Norbert"]
[Result "1-0"]
[WhiteElo "2262"]
[BlackElo "2076"]
[PlyCount "79"]
[EventDate "2009.10.23"]
[EventType "team"]
[EventRounds "11"]
[EventCountry "AUT"]
[WhiteTeam "SC Absam"]
[BlackTeam "Hypo Kufstein"]

1.e4 c6 2.d4 d5 3.exd5 cxd5 4.Bd3 Nc6 5.c3 Qc7 6.Na3 a6 7.Nc2 e5 8.dxe5 Nxe5
9.h3 Bc5 10.Nf3 Nxd3+ 11.Qxd3 Ne7 12.Nfd4 O-O 13.O-O Bd7 14.Qf3 Rad8 15.Bf4 Bd6
16.Bxd6 Qxd6 17.Ne3 Bc8 18.Rfd1 b5 19.Rd2 Bb7 20.Re1 Rd7 21.Qg4 Rfd8 22.Rde2 h6
23.Nef5 Nxf5 24.Re8+ Rxe8 25.Rxe8+ Kh7 26.Nxf5 Qg6 27.Nxh6 Qxg4 28.Nxg4 d4
29.Ne3 dxc3 30.bxc3 Rd1+ 31.Kh2 Rd2 32.Re7 f6 33.Ng4 Bc8 34.Nxf6+ Kg6 35.Ne8
Rxf2 36.Rxg7+ Kh6 37.Rc7 Bf5 38.Rc6+ Kg5 39.Nd6 Rxa2 40.Rc5

[Event "2. Bundesliga West 2009/20010"]
[Site "Jenbach"]
[Date "2009.10.24"]
[Round "2"]
[Board "1"]
[White "Reich, Thomas"]
[Black "Bertagnolli, Alexander"]
[Result "0-1"]
[WhiteElo "2368"]
[BlackElo "2332"]
[PlyCount "106"]
[EventDate "2009.10.23"]
[EventType "team"]
[EventRounds "11"]
[EventCountry "AUT"]
[WhiteTeam "Sparkasse Jenbach II"]
[BlackTeam "Rochade Rum"]

1.d4 Nf6 2.Nf3 c5 3.d5 e6 4.c4 b5 5.Bg5 Qa5+ 6.Qd2 Qxd2+ 7.Nbxd2 bxc4 8.e4 Nxd5
9.exd5 exd5 10.Nxc4 dxc4 11.Bxc4 Bb7 12.O-O-O f6 13.Rhe1+ Kd8 14.Ne5 fxg5
15.Nf7+ Kc7 16.Nxh8 Nc6 17.Nf7 Nd4 18.Nxg5 Bxg2 19.f3 Bd6 20.Rg1 Bf4+ 21.Kb1
Bxg5 22.Rxg2 Bf6 23.Bd3 Re8 24.Bxh7 Nxf3 25.Rc2 d6 26.Rc4 Re2 27.Rc2 Rxh2
28.Rxh2 Nxh2 29.Rd3 Nf1 30.Bg8 Bd4 31.Ra3 Kb6 32.Rb3+ Kc6 33.Rb8 Ne3 34.b3 d5
35.Ra8 Kb7 36.Re8 Kc6 37.Bf7 c4 38.bxc4 dxc4 39.Rc8+ Kb5 40.a3 g5 41.Be8+ Ka5
42.Bf7 c3 43.Bb3 g4 44.Rg8 Bc5 45.Rg5 Kb6 46.Rg6+ Kc7 47.Ba4 Bd6 48.Rg7+ Kb6
49.Rg6 Kc5 50.Bc2 g3 51.Bd3 g2 52.Be4 Kd4 53.Rxg2 c2+

[Event "2. Bundesliga West 2009/20010"]
[Site "Jenbach"]
[Date "2009.10.24"]
[Round "2"]
[Board "2"]
[White "Gatterer, Florian"]
[Black "Deglmann, Ludwig"]
[Result "1/2-1/2"]
[WhiteElo "2323"]
[BlackElo "2329"]
[PlyCount "40"]
[EventDate "2009.10.23"]
[EventType "team"]
[EventRounds "11"]
[EventCountry "AUT"]
[WhiteTeam "Rochade Rum"]
[BlackTeam "Sparkasse Jenbach II"]

1.e4 c5 2.Nf3 Nc6 3.Bb5 g6 4.Bxc6 bxc6 5.O-O Bg7 6.Re1 Nh6 7.c3 O-O 8.d4 cxd4
9.cxd4 f6 10.Nc3 d6 11.h3 Nf7 12.b3 e5 13.Bb2 Re8 14.Qd2 Bb7 15.Rad1 Qa5 16.Qc2
Rad8 17.Na4 Qb5 18.Nc3 Qa5 19.Na4 Qb5 20.Nc3 Qa5

[Event "2. Bundesliga West 2009/20010"]
[Site "Jenbach"]
[Date "2009.10.24"]
[Round "2"]
[Board "3"]
[White "Micheli, Carlo"]
[Black "Eybl, Alexander"]
[Result "0-1"]
[WhiteElo "2293"]
[BlackElo "2259"]
[PlyCount "54"]
[EventDate "2009.10.23"]
[EventType "team"]
[EventRounds "11"]
[EventCountry "AUT"]
[WhiteTeam "Sparkasse Jenbach II"]
[BlackTeam "Rochade Rum"]

1.Nf3 Nf6 2.c4 e6 3.Nc3 d5 4.d4 Bb4 5.Qb3 c5 6.Bg5 Nc6 7.e3 Na5 8.Qc2 Nxc4
9.Bxc4 dxc4 10.O-O O-O 11.Ne4 cxd4 12.Rfd1 Be7 13.Rxd4 Nd5 14.Rxc4 Bd7 15.Bxe7
Qxe7 16.Neg5 f5 17.e4 fxe4 18.Qxe4 Rf5 19.h4 g6 20.Re1 Re8 21.g3 Ref8 22.Nd4
Rxf2 23.Ndxe6 Qd6 24.Qg4 Ne3 25.Ne4 Rf1+ 26.Rxf1 Rxf1+ 27.Kh2 Nxg4+

[Event "2. Bundesliga West 2009/20010"]
[Site "Jenbach"]
[Date "2009.10.24"]
[Round "2"]
[Board "4"]
[White "Hengl, Christian"]
[Black "Kleissl, Helmut"]
[Result "1/2-1/2"]
[WhiteElo "2225"]
[BlackElo "2271"]
[PlyCount "67"]
[EventDate "2009.10.23"]
[EventType "team"]
[EventRounds "11"]
[EventCountry "AUT"]
[WhiteTeam "Rochade Rum"]
[BlackTeam "Sparkasse Jenbach II"]

1.e4 d6 2.f4 d5 3.d3 dxe4 4.dxe4 Qxd1+ 5.Kxd1 Nc6 6.c3 Nf6 7.Bd3 g5 8.Nf3 Ng4
9.Ke2 gxf4 10.Bxf4 e5 11.Bg3 Rg8 12.Nbd2 Be6 13.Bc4 Bxc4+ 14.Nxc4 Nf6 15.Nfxe5
Nxe5 16.Bxe5 Nxe4 17.Rad1 b5 18.Ne3 Nd6 19.Rhf1 O-O-O 20.Bxd6 Bxd6 21.Rxf7 h5
22.Rd5 Rde8 23.Kd3 Bxh2 24.Rxh5 Bg1 25.Nd5 Rg3+ 26.Kc2 Rxg2+ 27.Kb3 Bh2 28.Nxc7
Bxc7 29.Rc5 Ree2 30.Rcxc7+ Kd8 31.Kb4 Re4+ 32.c4 Rxb2+ 33.Kc3 Rxa2 34.cxb5

[Event "2. Bundesliga West 2009/20010"]
[Site "Jenbach"]
[Date "2009.10.24"]
[Round "2"]
[Board "5"]
[White "Meier, Alexander"]
[Black "Jedinger, Andreas"]
[Result "1/2-1/2"]
[WhiteElo "2146"]
[BlackElo "2170"]
[PlyCount "27"]
[EventDate "2009.10.23"]
[EventType "team"]
[EventRounds "11"]
[EventCountry "AUT"]
[WhiteTeam "Sparkasse Jenbach II"]
[BlackTeam "Rochade Rum"]

1.d4 Nf6 2.c4 g6 3.Nc3 d5 4.cxd5 Nxd5 5.e4 Nxc3 6.bxc3 Bg7 7.Be3 c5 8.Rc1 cxd4
9.cxd4 O-O 10.Bc4 Qa5+ 11.Bd2 Qb6 12.Be3 Qa5+ 13.Bd2 Qb6 14.Be3

[Event "2. Bundesliga West 2009/20010"]
[Site "Bregenz"]
[Date "2009.10.24"]
[Round "2"]
[Board "1"]
[White "Weindl, Alfred"]
[Black "Drabke, Lorenz"]
[Result "1-0"]
[WhiteElo "2353"]
[BlackElo "2455"]
[PlyCount "165"]
[EventDate "2009.10.23"]
[EventType "team"]
[EventRounds "11"]
[EventCountry "AUT"]
[WhiteTeam "Bregenz"]
[BlackTeam "Dornbirn"]

1.Nf3 d5 2.g3 Bg4 3.Bg2 c6 4.O-O Nf6 5.d3 Nbd7 6.Nbd2 e5 7.h3 Bxf3 8.Bxf3 Bd6
9.e4 dxe4 10.dxe4 O-O 11.Nc4 Bc5 12.Qe2 Qe7 13.Rd1 Rfd8 14.Na5 Nf8 15.Bg5 Rxd1+
16.Rxd1 Ne6 17.Bxf6 Qxf6 18.c3 Qe7 19.Bg4 Bb6 20.Nc4 Bc7 21.Kg2 Nf8 22.a4 g6
23.h4 h5 24.Bh3 Kg7 25.Qe3 b6 26.Qe2 Rd8 27.b4 Nh7 28.f3 Nf6 29.Kf1 Ne8 30.Rxd8
Bxd8 31.Qd3 Nf6 32.Nd6 a5 33.Nc8 Qc7 34.Qd6 Qxd6 35.Nxd6 Kf8 36.bxa5 bxa5 37.Ke2
Bc7 38.Nc8 Ne8 39.Na7 Ke7 40.Nxc6+ Kd6 41.Na7 Kc5 42.Nb5 Bd8 43.Na3 g5 44.hxg5
Bxg5 45.Bd7 Nd6 46.Kd3 h4 47.gxh4 Bxh4 48.Nc2 Bg5 49.Na1 Bf4 50.Nb3+ Kb6 51.Bg4
Bh2 52.Bh5 Bg1 53.Nd2 Bh2 54.Bg4 Kc5 55.Bh3 Bf4 56.Nb3+ Kb6 57.Bf1 Bh2 58.Be2
Bf4 59.Bd1 Bg5 60.Bc2 Bf4 61.Bb1 Bh2 62.Ba2 Bg1 63.Nd2 Bh2 64.Bd5 Kc5 65.Nb3+
Kb6 66.Ke2 Bg1 67.Kf1 Be3 68.Kg2 Ka6 69.Kh3 Kb6 70.Kg4 Bf4 71.c4 Be3 72.c5+ Bxc5
73.Kg5 Be3+ 74.Kf6 Bf4 75.Ke7 Kc7 76.Bxf7 Nc8+ 77.Ke6 Nb6 78.Be8 Nc4 79.Bb5 Ne3
80.Nxa5 Nc2 81.Nc6 Kb6 82.Nxe5 Nd4+ 83.Kd5